| 000 | 00724nam a22002297a 4500 | ||
|---|---|---|---|
| 003 | DO-SdBNP | ||
| 005 | 20180130135534.0 | ||
| 008 | 151111b 1975 sp ||||| |||| 00| 0 spa d | ||
| 020 | _a8422602083 | ||
| 040 |
_aBPMSU _bspa _cBPMSU |
||
| 041 | 1 | 7 |
_aspa _heng |
| 092 |
_axxxxx _bxxxxx |
||
| 100 | 1 |
_aStevenson, Robert Louis, _d1850-1894. |
|
| 245 | 1 | 0 |
_aLa isla del tesoro / _cRobert Louis Stevenson ; traducción de Anna Muria ; ilustraciones de Ballestar. |
| 260 |
_aBarcelona : _bCirculo de Lectores, _c1975. |
||
| 300 |
_a273 p. : _bil. ; _c20 cm. |
||
| 534 | _aTreasure island. | ||
| 700 | 1 | 2 |
_aMuria, Anna, _eil. |
| 942 |
_2ddc _cBK |
||
| 945 | _aInventariado extranjero / 2018 VM | ||
| 956 |
_2Lorenza Pérez _310 |
||
| 999 |
_c8637 _d8637 |
||